Statistiques concernant Nommez cette personne historique n°5

Cliquez ici pour prendre le quiz!

Statistiques générales

  • Ce quiz a été pris 1 603 fois
  • Le résultat moyen est 7 sur 16

Statistiques - réponses

Réponse% Correct
Nelson Mandela
97%
Muhammad Ali
79%
Benito Mussolini
77%
Pelé
76%
Karl Marx
74%
Mikhail Gorbatchev
60%
Andy Warhol
56%
Nikola Tesla
42%
Johann Sebastian Bach
36%
Grace Kelly
32%
Rouhollah Khomeini
32%
Oscar Wilde
27%
Alain Prost
25%
Emmanuelle Béart
21%
Maurice Ravel
4%
Florence Nightingale
3%

Distribution des résultats

Percentile par nombre de réponses

% des personnes avec chaque résultat

Votre développement - résultats

Vous n’avez pas pris ce quiz